| 000 | 00700nam a2200205 a 4500 | ||
|---|---|---|---|
| 001 | 5037 | ||
| 003 | CDMR | ||
| 005 | 20131210165406.0 | ||
| 008 | 130130s1987||||||||||||||||||||||||||||d | ||
| 020 | _a847579193X | ||
| 040 |
_aCDMR _bcat _cCDMR |
||
| 245 | 0 | 3 |
_aLa informació a la Comunitat Valenciana _credacció Javier Crespo ... [et al.] |
| 260 |
_aValència _c1987 _bGeneralitat Valenciana. Presidència |
||
| 300 |
_a331 p. _c28 cm |
||
| 650 | 0 | 4 |
_93266 _aMitjans de comunicació de massa _zComunitat Valenciana |
| 650 | 0 | 4 |
_94117 _aMitjans de comunicació de massa _vEstadístiques |
| 650 | 0 | 4 |
_93923 _aMitjans de comunicació de massa _vDirectoris |
| 700 | 1 |
_94008 _aCrespo, Javier |
|
| 942 |
_cMON _2udc |
||
| 999 |
_c5037 _d5037 |
||